000
00411nam a22001697a 4500
003
MPLRDC
005
20220104143210.0
008
210129b ||||| |||| 00| 0 eng d
082
_a
357.81 WS
100
_a
王曙
245
_a
金刚石的秘密: 矿物趣话
_c
250
_a
一版一刷
260
_a
_b
地质出版社
_c
1981
300
_b
平
650
_a
矿物学--钻石
942
_c
BK
_o
357.81 WS
999
_c
37571
_d
37561